|
|
|
|
| LEADER |
01259ppm a22003738a 4500 |
| 001 |
00031746 |
| 005 |
20171026081025.0 |
| 008 |
140212s2013 ||||||viesd |
| 041 |
0 |
# |
|a vie
|
| 082 |
1 |
4 |
|a 428
|b A109O
|
| 100 |
0 |
# |
|a Chau, Tuyet Ngan
|
| 245 |
1 |
0 |
|c Chau Tuyet Ngan; Tran Thi Hien (supervisor)
|a The application of communicative activities in English speaking classes of grade 11th students at Cao Lanh City High School
|b B.A Thesis. Major: English Pedagogy. Degree: Bachelor of Art
|
| 260 |
# |
# |
|a Dong Thap
|b Dong Thap University
|c 2013
|
| 300 |
# |
# |
|c 30 cm.
|b table
|e 1 summary of B.A Thesis
|a 60 p.
|
| 500 |
# |
# |
|a ĐTTTS ghi: Ministry of Education and Training. Dong thap University. Foreign languge faculty
|
| 653 |
# |
# |
|a Dạy học
|
| 653 |
# |
# |
|a Cao Lãnh
|
| 653 |
# |
# |
|a Giao tiếp
|
| 653 |
# |
# |
|a Trung học phổ thông
|
| 653 |
# |
# |
|a Tiếng Anh
|
| 653 |
# |
# |
|a Lớp 11
|
| 653 |
# |
# |
|a Kỹ năng nói
|
| 653 |
# |
# |
|a Học sinh
|
| 700 |
1 |
# |
|a Tran, Thi Hien
|e Supervisor
|
| 852 |
# |
# |
|j KD.0015450
|
| 852 |
# |
# |
|b Kho đọc
|j KD.0015450
|
| 910 |
# |
# |
|d 12/02/2014
|
| 980 |
# |
# |
|a Trung tâm Học liệu Lê Vũ Hùng, Trường Đại học Đồng Tháp
|